5HLuxD.jpg

KING HENRY VIII SENIOR AND PRIMARY SCHOOL LIBRARY OPAC

Lear : (Record no. 5785)

000 -LEADER
fixed length control field 02556pam a2200361 i 4500
001 - CONTROL NUMBER
control field 018785164
003 - CONTROL NUMBER IDENTIFIER
control field Uk
005 - DATE AND TIME OF LATEST TRANSACTION
control field 20251106103229.0
008 - FIXED-LENGTH DATA ELEMENTS--GENERAL INFORMATION
fixed length control field 180102s2018 nyu 000 0 eng
010 ## - LIBRARY OF CONGRESS CONTROL NUMBER
LC control number 2017061767
020 ## - INTERNATIONAL STANDARD BOOK NUMBER
International Standard Book Number 9781501164194
Qualifying information hardback
040 ## - CATALOGING SOURCE
Original cataloging agency StDuBDS
Language of cataloging eng
Transcribing agency StDuBDS
Modifying agency Uk
-- KH8
Description conventions rda
042 ## - AUTHENTICATION CODE
Authentication code ukblcatcopy
082 00 - DEWEY DECIMAL CLASSIFICATION NUMBER
Classification number 822.33 BLO
Edition number 23
100 1# - MAIN ENTRY--PERSONAL NAME
Personal name Bloom, Harold,
Relator term author.
245 10 - TITLE STATEMENT
Title Lear :
Remainder of title the great image of authority /
Statement of responsibility, etc. Harold Bloom.
250 ## - EDITION STATEMENT
Edition statement First Scribner hardcover edition.
264 #1 - PRODUCTION, PUBLICATION, DISTRIBUTION, MANUFACTURE, AND COPYRIGHT NOTICE
Place of production, publication, distribution, manufacture New York, NY :
Name of producer, publisher, distributor, manufacturer Scribner,
Date of production, publication, distribution, manufacture, or copyright notice 2018.
300 ## - PHYSICAL DESCRIPTION
Extent xi, 160 pages ;
Dimensions 22 cm.
336 ## - CONTENT TYPE
Content type term text
Source rdacontent
337 ## - MEDIA TYPE
Media type term unmediated
Source rdamedia
338 ## - CARRIER TYPE
Carrier type term volume
Source rdacarrier
490 0# - SERIES STATEMENT
Series statement Shakespeare's personalities
500 ## - GENERAL NOTE
General note Formerly CIP.
Institution to which field applies Uk
520 ## - SUMMARY, ETC.
Summary, etc. "Harold Bloom, regarded by some as the greatest Shakespeare scholar of our time, presents an intimate, wise, deeply compelling portrait of King Lear--the third in his series of five short books about the great playwright's most significant personalities, hailed as Bloom's "last love letter to the shaping spirit of his imagination" on the front page of The New York Times Book Review. King Lear is perhaps the most poignant character in literature. The aged, abused monarch--a man in his eighties, like Harold Bloom himself--is at once the consummate figure of authority and the classic example of the fall from majesty. He is widely agreed to be William Shakespeare's most moving, tragic hero. Award-winning writer and beloved professor Harold Bloom writes about Lear with wisdom, joy, exuberance, and compassion. He also explores his own personal relationship to the character: Just as we encounter one Emma Bovary or Hamlet when we are seventeen and another when we are forty, Bloom writes about his shifting understanding--over the course of his own lifetime--of Lear, so that this book also explores an extraordinarily moving argument for literature as a path to and a measure of our humanity. Bloom is mesmerizing in the classroom, wrestling with the often tragic choices Shakespeare's characters make. He delivers that kind of exhilarating intimacy, pathos, and clarity in Lear"--
Assigning source Provided by publisher.
530 ## - ADDITIONAL PHYSICAL FORM AVAILABLE NOTE
Additional physical form available note Also issued online.
600 10 - SUBJECT ADDED ENTRY--PERSONAL NAME
Personal name Shakespeare, William,
Dates associated with a name 1564-1616.
Title of a work King Lear.
650 #0 - SUBJECT ADDED ENTRY--TOPICAL TERM
Topical term or geographic name entry element Kings and rulers in literature.
650 #7 - SUBJECT ADDED ENTRY--TOPICAL TERM
Topical term or geographic name entry element LITERARY CRITICISM / Shakespeare.
Source of heading or term bisacsh
650 #7 - SUBJECT ADDED ENTRY--TOPICAL TERM
Topical term or geographic name entry element LITERARY CRITICISM / Renaissance.
Source of heading or term bisacsh
650 #7 - SUBJECT ADDED ENTRY--TOPICAL TERM
Topical term or geographic name entry element LITERARY CRITICISM / Drama.
Source of heading or term bisacsh
942 ## - ADDED ENTRY ELEMENTS (KOHA)
Source of classification or shelving scheme
Koha item type Books - Non Ficton
Holdings
Withdrawn status Lost status Source of classification or shelving scheme Damaged status Not for loan Collection code Permanent Location Current Location Shelving location Date acquired Full call number Barcode Date last seen Price effective from Koha item type
          Non-Fiction KH8 Senior School Library KH8 Senior School Library Non Fiction 2025-11-06 822.33 BLO 3KHSL000102505 2025-11-06 2025-11-06 Books - Non Ficton

Powered By KH8 IT Dept